Normal view
MARC view
- Maulana Safi Ur Rehman Mubarakpuri
Entry Personal Name
001 - CONTROL NUMBER
- control field: 125852
003 - CONTROL NUMBER IDENTIFIER
- control field: NUST
005 - DATE AND TIME OF LATEST TRANSACTION
- control field: 20240912152451.0
008 - FIXED-LENGTH DATA ELEMENTS
- fixed length control field: 240912|| aca||aabn | a|a d
040 ## - CATALOGING SOURCE
- Original cataloging agency: NUST
- Transcribing agency: NUST
100 ## - HEADING--PERSONAL NAME
- Personal name: Maulana Safi Ur Rehman Mubarakpuri
670 ## - SOURCE DATA FOUND
- Source citation: Work cat.: (NUST): Maulana Safi Ur Rehman Mubarakpuri, Tajalliyat-E- Nabuwat, 1997.
